<?xml version="1.0" encoding="UTF-8"?>
<record
    xmlns:xsi="http://www.w3.org/2001/XMLSchema-instance"
    xsi:schemaLocation="http://www.loc.gov/MARC21/slim http://www.loc.gov/standards/marcxml/schema/MARC21slim.xsd"
    xmlns="http://www.loc.gov/MARC21/slim">

  <leader>00846nam a22002297a 4500</leader>
  <controlfield tag="005">20230309040732.0</controlfield>
  <controlfield tag="008">230309b        |||||||| |||| 00| 0 eng d</controlfield>
  <datafield tag="020" ind1=" " ind2=" ">
    <subfield code="a">978-621-04-0103-5</subfield>
  </datafield>
  <datafield tag="082" ind1=" " ind2=" ">
    <subfield code="a">Fil. 371.2006 Sch372 2019</subfield>
  </datafield>
  <datafield tag="100" ind1=" " ind2=" ">
    <subfield code="a">Pawilen, Greg T.</subfield>
    <subfield code="e">author</subfield>
  </datafield>
  <datafield tag="245" ind1=" " ind2=" ">
    <subfield code="a">The school and the community, school culture and organizational leadership /</subfield>
    <subfield code="c">Greg Tabios Pawilen, Ericson M. Reyes, John Amiel A. Rivera, Trixie Marie J. Sison</subfield>
  </datafield>
  <datafield tag="250" ind1=" " ind2=" ">
    <subfield code="a">1st ed.</subfield>
  </datafield>
  <datafield tag="260" ind1=" " ind2=" ">
    <subfield code="a">Manila:</subfield>
    <subfield code="b">Rex Book Store, </subfield>
    <subfield code="c">c2019</subfield>
  </datafield>
  <datafield tag="300" ind1=" " ind2=" ">
    <subfield code="a">vi, 99p.</subfield>
  </datafield>
  <datafield tag="504" ind1=" " ind2=" ">
    <subfield code="a">Includes bibliographical references and index</subfield>
  </datafield>
  <datafield tag="541" ind1=" " ind2=" ">
    <subfield code="e">6781 c.1, 6782 c.2, 6783 c3</subfield>
  </datafield>
  <datafield tag="650" ind1=" " ind2=" ">
    <subfield code="a">Schools - Management</subfield>
  </datafield>
  <datafield tag="650" ind1=" " ind2=" ">
    <subfield code="a">Schools - Administration</subfield>
  </datafield>
  <datafield tag="700" ind1=" " ind2=" ">
    <subfield code="a">Reyes, Ericson M.</subfield>
    <subfield code="e">author</subfield>
  </datafield>
  <datafield tag="700" ind1=" " ind2=" ">
    <subfield code="a">Rivera, John Amiel A.</subfield>
    <subfield code="e">author</subfield>
  </datafield>
  <datafield tag="700" ind1=" " ind2=" ">
    <subfield code="a">Sison, Trixie Marie J.</subfield>
    <subfield code="e">author</subfield>
  </datafield>
  <datafield tag="952" ind1=" " ind2=" ">
    <subfield code="0">0</subfield>
    <subfield code="1">0</subfield>
    <subfield code="2">ddc</subfield>
    <subfield code="4">0</subfield>
    <subfield code="7">0</subfield>
    <subfield code="a">CTUMB</subfield>
    <subfield code="b">CTUMB</subfield>
    <subfield code="d">2021-03-03</subfield>
    <subfield code="l">1</subfield>
    <subfield code="o">Fil. 371.2006 Sch372 2019</subfield>
    <subfield code="p">6781</subfield>
    <subfield code="r">2024-04-13 00:00:00</subfield>
    <subfield code="s">2023-03-23</subfield>
    <subfield code="t">1</subfield>
    <subfield code="w">2023-03-09</subfield>
    <subfield code="y">BK-FL</subfield>
  </datafield>
  <datafield tag="952" ind1=" " ind2=" ">
    <subfield code="0">0</subfield>
    <subfield code="1">0</subfield>
    <subfield code="2">ddc</subfield>
    <subfield code="4">0</subfield>
    <subfield code="7">0</subfield>
    <subfield code="a">CTUMB</subfield>
    <subfield code="b">CTUMB</subfield>
    <subfield code="d">2021-03-03</subfield>
    <subfield code="l">1</subfield>
    <subfield code="o">Fil. 371.2006 Sch372 2019</subfield>
    <subfield code="p">6782</subfield>
    <subfield code="r">2025-08-22 06:50:10</subfield>
    <subfield code="s">2024-04-15</subfield>
    <subfield code="t">2</subfield>
    <subfield code="w">2023-03-09</subfield>
    <subfield code="y">BK-FL</subfield>
  </datafield>
  <datafield tag="952" ind1=" " ind2=" ">
    <subfield code="0">0</subfield>
    <subfield code="1">0</subfield>
    <subfield code="2">ddc</subfield>
    <subfield code="4">0</subfield>
    <subfield code="7">0</subfield>
    <subfield code="a">CTUMB</subfield>
    <subfield code="b">CTUMB</subfield>
    <subfield code="d">2021-03-03</subfield>
    <subfield code="l">0</subfield>
    <subfield code="o">Fil. 371.2006 Sch372 2019</subfield>
    <subfield code="p">6783</subfield>
    <subfield code="r">2024-04-13 00:00:00</subfield>
    <subfield code="t">3</subfield>
    <subfield code="w">2023-03-09</subfield>
    <subfield code="y">BK-FL</subfield>
  </datafield>
  <datafield tag="999" ind1=" " ind2=" ">
    <subfield code="c">1658</subfield>
    <subfield code="d">1658</subfield>
  </datafield>
</record>
